| 000 | 00541nam a22001577a 4500 | ||
|---|---|---|---|
| 003 | NUST | ||
| 082 | _a200 | ||
| 100 |
_aShafiq, Arslan _9114348 |
||
| 245 |
_aFrequency Regulation of Power Grid with High Proportion of Type 4 Wind Power Generator Penetration/ _cArslan Shafiq, |
||
| 264 |
_aIslamabad : _bSEECS, NUST, _c2023. |
||
| 300 |
_a53 p. ; _c30 cm. |
||
| 650 |
_aMS- Electrical Engineering _923567 |
||
| 700 |
_aSupervisor: Dr. Jawad Arif _9112520 |
||
| 856 | _uhttp://10.250.8.41:8080/xmlui/handle/123456789/33970 | ||
| 942 |
_2ddc _cSC |
||
| 999 |
_c595700 _d595700 |
||